000
00220nam a22001097a 4500
041
_a
ENG
245
_a
Home Energy Conservation
260
_a
Pune
_b
MEDA
_c
2002
300
_a
30
650
_a
EOES
856
_u
EOES ( 12 )
999
_c
1257
_d
1257